Statistics for 2010 Canada's Gold Winning Hockey Team Rosters

Click here to take the quiz!

General Stats

  • This quiz has been taken 995 times
  • The average score is 12 of 23

Answer Stats

Hint Answer % Correct
87Sidney Crosby
99%
1Roberto Luongo
84%
16Jonathan Toews
75%
30Martin Brodeur
72%
61Rick Nash
70%
24Corey Perry
66%
51Ryan Getzlaf
66%
2Duncan Keith
65%
12Jarome Iginla
62%
6Shea Weber
62%
37Patrice Bergeron
61%
8Drew Doughty
60%
19Joe Thornton
55%
7Brent Seabrook
53%
11Patrick Marleau
50%
29Marc-André Fleury
46%
20Chris Pronger
39%
27Scott Niedermayer
36%
18Mike Richards
34%
15Dany Heatley
32%
21Eric Staal
28%
22Dan Boyle
19%
10Brenden Morrow
17%

Score Distribution

Percentile by Number Answered

Percent of People with Each Score

Your Score History

You have not taken this quiz